000
00335nam a22001457a 4500
008
221216b ||||| |||| 00| 0 eng d
020
_a
9781416023166
041
_a
eng
080
_2
SECOND EDITION
_a
61
082
_a
61DAV
100
_a
4
101
_a
MJEKS
245
_a
HEALTH INFORMATION TECHNOLOGY
_c
DAVIS N
942
_2
udc
_c
BK
999
_c
59197
_d
59197